Kvalita produktu v službách a v cestovnom ruchu

Bibliographic Details
Main Author: Karkalíková, Marta (Author)
Format: Book
Language:Slovak
PhysicalDescription:227 strán ilustrácie 21 cm
Published: Bratislava Ekonóm Ekonomická univerzita v Bratislave, Obchodná fakulta 2017
ISBN:9788022544788
Edition:Vydanie prvé
Subjects:

MARC

LEADER 00000cam a2200000 4500
001 vtls011761278
003 SK-MaSNL
005 20260301223054.0
008 200228s2017 xo a e np 000 0 slo
015 |a SNBA2018/09 
020 |a 9788022544788  |q (brožované) 
035 |a urn:nbn:sk:snk-am00db3h 
035 |a urn:nbn:sk:snk-am3hw4l 
035 |a D149A432-BA53-423F-898D-74E9FD668958 
040 |a SNK  |b slo  |c SNK  |e rda 
041 0 |a slo 
044 |a xo  |c SK 
072 7 |a 338.3/.4  |x Hospodárske a výrobné odvetvia  |2 konspekt 
072 7 |a 005  |x Manažment. Riadenie  |2 konspekt 
080 |a 338.46  |2 2011 
080 |a (075.8)  |2 2011 
080 |a 338.48  |2 2011 
080 |a 005.6  |2 2011 
100 1 |a Karkalíková, Marta  |4 aut  |9 11215 
245 1 0 |a Kvalita produktu v službách a v cestovnom ruchu  |c Marta Karkalíková 
250 |a Vydanie prvé 
264 1 |a Bratislava  |b Ekonóm  |b Ekonomická univerzita v Bratislave, Obchodná fakulta  |c 2017 
300 |a 227 strán  |b ilustrácie  |c 21 cm 
336 |a text  |b txt  |2 rdacontent 
337 |a bez média  |b n  |2 rdamedia 
338 |a zväzok  |b nc  |2 rdacarrier 
366 |e 150 kusov 
504 |a Bibliografia na strane 217-227 
650 0 7 |a služby  |2 SNKPH  |9 2356 
650 0 7 |a manažment kvality  |2 SNKPH  |9 932 
650 0 7 |a Service industries  |2 SNKPHeng  |9 317982 
650 0 7 |a Quality management  |2 SNKPHeng  |9 276990 
650 0 7 |a cestovný ruch  |2 SNKPH  |9 999 
650 0 7 |a Tourism  |2 SNKPHeng  |9 266335 
655 7 |a učebnice vysokých škôl  |2 SNKPH  |9 70191 
655 7 |a Textbooks (higher)  |2 SNKPHeng  |9 276436 
852 |a Štátna vedecká knižnica v Banskej Bystrici 
919 |a 978-80-225-4478-8 
958 |a NB 
999 |c 942016  |d 943946 
952 |a SNK  |b SNK  |y PREZ  |7 0  |p 17A1335280  |o snkSC 180709  |i snk2018/17302  |8 0  |0 0  |1 0  |4 0  |d 2018-08-24  |f 1  |l 0  |r 2026-02-24 09:22:27  |w 2026-02-24 
952 |a SNK  |b SNK  |y VYP  |7 0  |p 17A1335281  |o snkSC 180709 D1  |i snk2018/17304  |8 0  |0 0  |1 0  |4 0  |d 2018-08-24  |l 0  |r 2026-02-24 09:22:27  |w 2026-02-24